Loading...
Saundaryalahari /
| Main Author: | |
|---|---|
| Other Authors: | |
| Format: | Printed Book |
| Language: | English |
| Published: |
Delhi :
Motilal Banarsidass,
1977.
|
| LEADER | 00490nam a2200145Ia 4500 | ||
|---|---|---|---|
| 008 | 150624b xxu||||| |||| 00| 0 eng d | ||
| 082 | |a 294.5581 | ||
| 100 | |a Sankaracharya | ||
| 245 | |a Saundaryalahari / |c Sankaracharya | ||
| 260 | |a Delhi : |b Motilal Banarsidass, |c 1977. | ||
| 300 | |a 112 p. | ||
| 700 | |a Subramanian V. K. |e translator. | ||
| 942 | |c BK | ||
| 999 | |c 22830 |d 22830 | ||
| 952 | |0 0 |1 0 |4 0 |6 294_558100000000000_SAU |7 0 |9 22829 |a UL |b UL |c ST2 |d 2017-10-13 |l 0 |o 294.5581 SAU |p 33636 |r 2012-10-27 |w 2012-10-27 |y BK | ||